[Event "URU-ch Semi Final 2020"]
[Site "Montevideo"]
[Date "2020.02.23"]
[Round "5.12"]
[White "Durante, Aurelio"]
[Black "Davila Texeira, Mario"]
[Result "1-0"]
[WhiteElo "1955"]
[BlackElo "1819"]
[Annotator "TA"]
[PlyCount "95"]
[EventDate "2020.02.22"]
[EventType "swiss"]
[EventCountry "URU"]
[SourceTitle "playchess.com"]
[Source "ChessBase"]
[SourceQuality "1"]

{[%evp 16,95,26,43,107,119,118,68,107,56,72,52,65,73,80,65,87,66,92,76,99,63,162,44,54,41,39,9,8,-35,29,25,12,0,75,-78,62,63,88,72,127,126,199,204,359,134,161,179,246,238,246,237,245,237,243,241,262,256,272,272,309,243,333,240,323,247,262,231,240,209,222,203,387,245,260,264,262,239,250,255,399,383]} 1. e4 e5 2. Nf3 Nc6 3. Bb5 Nf6 4. O-O d6 5. Re1 Be7 6. h3 O-O 7. c3 Bd7 8. d4 exd4 9. cxd4 h6 {C66: Ruy Lopez: Steinitz Defence.} (9... d5 $14) 10. Nc3 $16 Re8 11. a3 Bf8 {[#] White is slightly better.} 12. Qd3 $146 (12. Bd3 $16) ({Predecessor:} 12. Bd3 a6 13. Bc2 b6 14. Qd3 g6 15. Bb3 a5 16. e5 dxe5 17. dxe5 Nh7 18. Qxg6+ Kh8 19. Bxf7 Re7 20. Qg8# {1-0 (20) Tomic,J (1751)-Babic,M (1653) Sarajevo 2017}) 12... Na5 13. Bxd7 Qxd7 14. Bf4 Nc6 15. Rad1 Rad8 16. b4 g5 17. Bh2 Bg7 18. Rc1 Rc8 {[#]} (18... a6 $14) 19. Rc2 ({White should play} 19. Qb5 $1 $18) 19... Ne7 $14 20. Rce2 Ng6 21. g4 c6 22. Nd1 {[%cal Bc3d1,Bd1e3,Be3f5][%mdl 32]} Re6 (22... c5 $15) 23. Nd2 Rce8 24. f3 Qe7 (24... Nf4 $1 $11 25. Bxf4 gxf4) 25. Kf2 $2 {[#]} (25. Ne3 $16 {keeps the pressure on.}) 25... Nd7 (25... Nf4 $1 $17 {[%cal Rf4d3]} 26. Bxf4 gxf4) 26. Ne3 $1 Bf8 27. Nf5 Qf6 (27... Qd8 $142) 28. Nc4 $16 Nh4 (28... Nb6 $16) 29. Nce3 Nxf5 $2 (29... Qd8 30. Bg3 Ng6) 30. Nxf5 $2 (30. gxf5 $18 {is the precise move to win.} R6e7 31. Ng4) 30... Qh8 31. Bg3 Nf6 (31... h5 {might work better.} 32. Qd2 Rg6) 32. Rh1 $18 Nd5 33. h4 Nf4 34. Bxf4 $1 gxf4 35. Qd2 Bg7 36. Rd1 d5 37. Qxf4 dxe4 38. fxe4 Rd8 39. Red2 Qh7 40. Rd3 Qg6 41. Kf3 Bf8 42. Rg1 Kh7 43. Rdd1 Bd6 $2 (43... Ree8 {was worth a try.} 44. Rd2 a6) 44. e5 Bc7 45. h5 Qg5 46. Qxg5 hxg5 47. Ng3 f6 (47... Rd5 $142 48. Ne4 Bd8) 48. Ne4 {Accuracy: White = 55%, Black = 39%.} 1-0

[Event "URU-ch Semi Final 2020"]
[Site "Montevideo"]
[Date "2020.02.23"]
[Round "5.13"]
[White "Manteiga, Franco"]
[Black "Izquierdo, Sebastian"]
[Result "1/2-1/2"]
[WhiteElo "1703"]
[BlackElo "1950"]
[Annotator "TA"]
[PlyCount "86"]
[EventDate "2020.02.22"]
[EventType "swiss"]
[EventCountry "URU"]
[SourceTitle "playchess.com"]
[Source "ChessBase"]
[SourceQuality "1"]

{[%evp 9,86,18,27,26,26,27,46,24,69,19,19,24,21,21,21,6,24,21,35,35,35,34,52,8,12,0,0,0,0,0,0,0,0,0,0,0,0,0,0,0,0,0,0,0,0,0,0,0,0,0,0,0,0,0,0,0,0,0,0,0,0,0,0,0,0,0,0,0,0,0,0,0,0,0,0,0,0,0,0]} 1. d4 d5 2. c4 c6 3. cxd5 cxd5 4. Nc3 e6 5. Bf4 Bd6 6. Bxd6 {D10: Slav Defence: 3 cxd5 (without early Nf3) and 3 Nc3.} Qxd6 7. e3 a6 {7...Ne7 is a critical line.} 8. Bd3 {White is slightly better.} f5 {[#]} 9. f4 $146 (9. Qb3 {is more complex.} Nf6 10. Nf3 O-O 11. O-O Nc6 12. Na4) ({Predecessor:} 9. Qh5+ g6 10. Qh4 Nc6 11. Nf3 Qe7 12. Qxe7+ Kxe7 13. Na4 Nf6 14. Rc1 Bd7 15. Nb6 {½-½ (51) Gaede,D (2285)-Hinrichs,J (2190) Hamburg 2017}) 9... Nf6 10. Nf3 O-O 11. O-O Bd7 12. Qe2 Be8 13. Ne5 Bh5 14. Qd2 Nbd7 15. Rac1 Ne4 16. Nxe4 (16. Bxe4 {with more complications.} dxe4 17. Na4 Nf6 18. Nc4 Qd8 19. Nab6) 16... fxe4 {The position is equal.} 17. Be2 Bxe2 18. Qxe2 Nxe5 19. fxe5 Rxf1+ 20. Rxf1 $11 {[%mdl 4096] Endgame KQR-KQR} Qd7 21. Rc1 Rc8 22. Qd2 (22. Rxc8+ {keeps more tension.} Qxc8 23. b3 Qf8 24. h4 Qe7 25. Qg4) 22... Rxc1+ 23. Qxc1 {KQ-KQ} Kf7 24. Kf2 h6 25. Qd1 Ke7 26. Qg4 Kd8 27. Qf4 Qe7 28. Qg4 Qf7+ 29. Ke1 Kc7 30. Qe2 Qd7 31. Qc2+ Qc6 32. Kd2 Kb6 33. Qxc6+ bxc6 {KP-KP} 34. Kc2 c5 35. dxc5+ Kxc5 36. Kc3 a5 37. b3 Kb5 38. a3 Kc5 39. g4 g6 40. h4 Kb5 41. Kb2 Kc6 42. Kc2 Kb5 43. Kb2 Kc6 {Accuracy: White = 94%, Black = 97%.} 1/2-1/2

[Event "URU-ch Semi Final 2020"]
[Site "Montevideo"]
[Date "2020.02.23"]
[Round "5.14"]
[White "Salguero, Rafael"]
[Black "Amaral, Francisco"]
[Result "1-0"]
[WhiteElo "1906"]
[BlackElo "1567"]
[Annotator "TA"]
[PlyCount "47"]
[EventDate "2020.02.22"]
[EventType "swiss"]
[EventCountry "URU"]
[SourceTitle "playchess.com"]
[Source "ChessBase"]
[SourceQuality "1"]

{[%evp 11,47,76,97,85,165,148,159,156,159,149,165,147,166,164,252,232,650,673,791,788,824,814,820,776,826,826,815,783,906,836,904,882,1069,1051,1235,1158,1215,1133]} 1. d4 d5 2. c4 e5 3. dxe5 d4 4. Nf3 Nc6 5. a3 Bg4 6. Nbd2 Nge7 7. h3 {D08: Albin Counter Gambit.} Bh5 (7... Bxf3 $16 {was called for.} 8. Nxf3 Qd7) 8. g4 Bg6 {[#]} 9. b4 $146 {White is clearly better.} ({Predecessor:} 9. Nb3 Qd7 10. Nc5 Qc8 11. Nxd4 Nxe5 12. Bg2 c6 13. b3 b6 14. Ne4 Bxe4 15. Bxe4 N7g6 16. f4 {1-0 (16) Schoenberger,K (1918)-Schilly,H (1839) Berlin 2015}) 9... h5 {Threatening ...hxg4.} 10. Rg1 hxg4 11. hxg4 Qd7 12. Nb3 Qe6 {[#]} (12... O-O-O {was worth a try.}) 13. Nc5 $1 $18 {[%cal Rc5e6]} ({Much less strong is} 13. Nbxd4 $6 Qxc4 14. Bb2 Qd5 $16) ({Less strong is} 13. Nfxd4 Nxd4 14. Nxd4 Qxe5 $16) 13... Qxc4 $2 {[#]} (13... Qc8 14. Bb2 (14. Nxd4 Nxd4 15. Qxd4 Nc6 $16) 14... b6) 14. e4 $1 {White is clearly winning.} d3 15. Bxd3 O-O-O 16. Bxc4 Rxd1+ 17. Kxd1 b6 18. Ba6+ Kd8 19. Nb7+ Kd7 20. Bb2 Bxe4 21. Ke2 Bxf3+ 22. Kxf3 Ng6 23. Bb5 a6 24. Rad1+ {Black did not feel at home in the position after the opening. Accuracy: White = 100%, Black = 24%.} 1-0

[Event "URU-ch Semi Final 2020"]
[Site "Montevideo"]
[Date "2020.02.23"]
[Round "5.15"]
[White "Palacio, Enzo"]
[Black "Larrea, Daniela"]
[Result "1-0"]
[WhiteElo "1869"]
[BlackElo "1757"]
[Annotator "NA RC"]
[PlyCount "97"]
[EventDate "2020.02.22"]
[EventType "swiss"]
[EventCountry "URU"]
[SourceTitle "playchess.com"]
[Source "ChessBase"]
[SourceQuality "1"]
[TimeControl "5400+30"]

{[%evp 12,97,54,11,25,30,32,25,41,38,30,27,79,70,32767,32767,32767,32767,176,32767,113,121,110,83,32767,77,100,91,106,32767,73,44,73,53,105,115,106,102,114,112,118,113,127,99,112,118,32767,114,32767,32767,118,32767,115,32767,118,146,131,142,143,108,145,32767,186,32767,32767,32767,202,233,243,248,233,275,253,310,266,299,360,425,380,428,1431,1207,1129,2357,2627,6794,12844,29974]} 1. e4 {[%emt 0:00:00]} c5 {[%emt 0:03:41]} 2. Nf3 {[%emt 0:00:00]} e6 {[%emt 0:00:05]} 3. d4 {[%emt 0:00:00]} cxd4 {[%emt 0:00:05]} 4. Nxd4 {[%emt 0:00:00]} Nf6 {[%emt 0:00:05]} 5. Nc3 {[%emt 0:00:00]} Nc6 {[%emt 0:00:04]} 6. Ndb5 {[%emt 0:00:00]} Bb4 {[%emt 0:00:20]} 7. a3 {[%emt 0:00:00]} Bxc3+ $1 {[%emt 0:00:11]} 8. Nxc3 {[%emt 0:00:00]} d5 {[%emt 0:00:14]} 9. exd5 {[%emt 0:00:00]} Nxd5 {[%emt 0:00:55]} 10. Bd2 {[%emt 0:00:00]} O-O {[%emt 0:01:17]} 11. Bd3 Ne5 {[%emt 0:04:30] B45: Sicilian Four Knights.} (11... e5 $11 {keeps the balance.}) 12. Bxh7+ {[%emt 0:02:11]} Kxh7 {[%emt 0:01:44]} 13. Qh5+ {[%emt 0:00:01]} Kg8 {[%emt 0:00:10]} 14. Qxe5 {[%emt 0:00:03]} Nb6 {[%emt 0:05:37] [#]} (14... f6 $16 {keeps fighting.} 15. Qe4 b6) 15. b3 $146 {[%emt 0:03:31]} ({Predecessor:} 15. O-O-O Nc4 16. Qc5 b5 17. Bf4 Qf6 18. Bg5 Qf5 19. Qxf8+ Kh7 20. Be3 Bb7 21. Qc5 e5 22. Qxb5 Nxe3 23. fxe3 Bxg2 24. Rhg1 Bh3 25. Qd3 {1-0 (25) Eschholz,E-Hoffmann,J Schwabstedt 1994}) 15... Bd7 {[%emt 0:01:24]} 16. O-O {[%emt 0:02:31]} Bc6 {[%emt 0:01:31]} 17. Bg5 {[%emt 0:02:54]} Qb8 {[%emt 0:01:20]} 18. Qxb8 {[%emt 0:00:41]} Raxb8 {[%emt 0:00:13]} 19. Be3 {[%emt 0:02:08]} Rbd8 {[%emt 0:05:11]} 20. Bxb6 {[%emt 0:00:30]} axb6 {[%emt 0:00:01]} 21. Rfd1 {[%emt 0:00:41]} Rxd1+ {[%emt 0:05:06]} 22. Rxd1 {[%emt 0:00:03]} Ra8 {[%emt 0:00:06]} 23. a4 {[%emt 0:04:59]} Kf8 {[%emt 0:01:39]} 24. f3 {[%emt 0:00:48]} Ke7 {[%emt 0:00:25]} 25. Kf2 {[%emt 0:00:09]} Rh8 {[%emt 0:06:41]} 26. h3 {[%emt 0:00:12]} Rh5 {[%emt 0:00:13]} 27. Rd4 {[%emt 0:02:10]} Rc5 {[%emt 0:01:48]} 28. Rd3 {[%emt 0:01:09]} Re5 {[%emt 0:01:03]} 29. Na2 {[%emt 0:03:16]} b5 {[%emt 0:03:40]} 30. a5 {[%emt 0:06:13]} b4 {[%emt 0:05:25]} 31. a6 {[%emt 0:01:45]} bxa6 {[%emt 0:03:26]} 32. Nxb4 {[%emt 0:00:02]} Rc5 {[%emt 0:02:17]} 33. Nxc6+ {[%emt 0:04:19]} Rxc6 {[%emt 0:00:10]} 34. c4 {[%emt 0:00:25]} a5 $1 $11 {[%emt 0:00:33] and Black is okay.} 35. Kg3 {[%emt 0:03:49]} Rc5 {[%emt 0:03:06]} 36. Kf2 {[%emt 0:01:43]} a4 $2 {[%emt 0:01:12]} 37. bxa4 {[%emt 0:00:08]} Rxc4 {[%emt 0:00:04]} 38. Ra3 {[%emt 0:00:06]} Rc2+ {[%emt 0:01:16]} 39. Kg3 {[%emt 0:00:17]} Rc6 {[%emt 0:00:23]} 40. a5 {[%emt 0:01:07]} Ra6 {[%emt 0:00:06]} 41. Kf4 {[%emt 0:00:13]} Kd6 {[%emt 0:03:57]} 42. g4 {[%emt 0:01:06]} f6 {[%emt 0:05:03]} 43. h4 {[%emt 0:00:33]} Kc5 {[%emt 0:02:14]} 44. Ke4 {[%emt 0:03:23]} Kb5 {[%emt 0:01:19]} 45. f4 {[%emt 0:01:24]} Ra8 {[%emt 0:05:27] [#]} 46. a6 $1 {[%emt 0:00:11]} Kb6 {[%emt 0:00:21] [#]} 47. a7 $18 {[%emt 0:00:05]} Kb7 {[%emt 0:01:06]} 48. g5 {[%emt 0:00:47]} fxg5 {[%emt 0:00:29]} 49. fxg5 {[%emt 0:00:07]} 1-0

[Event "URU-ch Semi Final 2020"]
[Site "Montevideo"]
[Date "2020.02.23"]
[Round "5.16"]
[White "Rey, Fernando"]
[Black "Zaruski, Julio"]
[Result "0-1"]
[WhiteElo "1640"]
[BlackElo "1822"]
[Annotator "NA RC"]
[PlyCount "78"]
[EventDate "2020.02.22"]
[EventType "swiss"]
[EventCountry "URU"]
[SourceTitle "playchess.com"]
[Source "ChessBase"]
[SourceQuality "1"]
[TimeControl "5400+30"]

{[%evp 8,70,40,57,45,32767,32767,32767,32767,32767,32767,32767,32767,32767,32767,373,346,32767,32767,32767,32767,212,266,154,223,171,197,32767,131,59,130,148,160,57,79,24,168,-468,0,0,0,0,0,6,24,19,50,37,29,30,47,48,46,28,53,-18,-46,-129,-64,-75,-77,-166,-104,-94,-81]} 1. e4 {[%emt 0:00:00]} d6 {[%emt 0:00:47]} 2. d4 {[%emt 0:00:00]} Nf6 {[%emt 0:00:35]} 3. Nc3 {[%emt 0:00:00]} g6 {[%emt 0:00:47]} 4. f3 {[%emt 0:00:04]} Bg7 {[%emt 0:00:14]} 5. Be3 {[%emt 0:00:08]} O-O {[%emt 0:00:17]} 6. Qd2 {[%emt 0:00:06]} c6 {[%emt 0:00:24]} 7. O-O-O {[%emt 0:00:09]} b5 {[%emt 0:01:03]} 8. g4 {[%emt 0:00:39]} Nfd7 {[%emt 0:00:06] B07: Pirc Defence: Miscellaneous Systems.} 9. h4 {[%emt 0:00:28]} Nb6 {[%emt 0:00:30] [#]} 10. h5 $146 {[%emt 0:00:25]} ({Predecessor:} 10. Bh6 Be6 11. Bxg7 Kxg7 12. b3 h5 13. g5 N8d7 14. d5 cxd5 15. exd5 Bf5 16. Nxb5 {1-0 (34) Ilic,L (2199)-Semsiu,A (1988) Skopje 2012}) 10... Nc4 {[%emt 0:00:12]} 11. Bxc4 $1 {[%emt 0:00:10]} bxc4 {[%emt 0:00:06]} 12. hxg6 {[%emt 0:00:14]} fxg6 {[%emt 0:00:07]} 13. Bh6 {[%emt 0:00:31]} Rf7 {[%emt 0:00:05]} 14. Bxg7 {[%emt 0:00:30]} (14. Nh3 $142) 14... Rxg7 {[%emt 0:01:12]} 15. Nge2 {[%emt 0:09:36]} e6 {[%emt 0:00:37]} (15... Qb6 $16 16. e5 d5) 16. Ng3 {[%emt 0:10:06]} d5 {[%emt 0:01:07]} 17. e5 {[%emt 0:01:00]} Nd7 {[%emt 0:02:28]} 18. Rh3 {[%emt 0:03:35]} (18. Nge2 $16) 18... Nf8 {[%emt 0:01:53]} (18... Rb8 $14) 19. Na4 {[%emt 0:04:16]} Rb8 {[%emt 0:00:25]} 20. c3 {[%emt 0:01:18]} ({Better is} 20. Ne2 $16) 20... Qa5 {[%emt 0:01:06]} 21. Qc2 {[%emt 0:00:09]} Rgb7 {[%emt 0:09:53]} (21... c5 $14) 22. Kd2 $4 {[%emt 0:00:37] [#]} (22. Rdh1 $18) 22... Qd8 $2 {[%emt 0:00:22]} ({Better is} 22... c5 $1 $19 {[%cal Rc5d4][%mdl 512]} 23. Ke3 (23. Nxc5 Rxb2) 23... Bd7 24. Nxc5 Rxb2 {[%mdl 64] Double Attack}) 23. Rb1 {[%emt 0:01:21]} Qg5+ {[%emt 0:00:14]} 24. Ke2 {[%emt 0:00:09]} Rf7 {[%emt 0:02:39]} 25. Qc1 {[%emt 0:01:55]} Qxc1 {[%emt 0:04:15]} 26. Rxc1 {[%emt 0:00:05]} Nd7 {[%emt 0:00:35]} 27. Rc2 {[%emt 0:00:48]} Rb5 {[%emt 0:00:09]} 28. Ke3 {[%emt 0:00:42]} Ra5 {[%emt 0:00:18]} 29. b3 {[%emt 0:00:12]} cxb3 {[%emt 0:00:08]} 30. axb3 {[%emt 0:00:06]} c5 {[%emt 0:01:56]} 31. dxc5 {[%emt 0:00:27]} (31. Nxc5 $14 Nxe5 32. Ne2 (32. dxe5 Rxc5 33. b4 Rc6 $11)) 31... Nxe5 {[%emt 0:00:07]} 32. Nf1 {[%emt 0:00:54] [#]} (32. Ne2 $15) 32... Nxg4+ $1 {[%emt 0:01:13]} 33. fxg4 {[%emt 0:00:26]} Rxf1 {[%emt 0:00:05]} 34. Rf3 {[%emt 0:01:13] [#]} ({White should try} 34. Rch2 $15 Rf7 35. Kd4) 34... Rxf3+ {[%emt 0:01:20]} ({Better is} 34... Re1+ $1 $19 35. Re2 Rxe2+ 36. Kxe2 Bd7) 35. Kxf3 {[%emt 0:00:04]} Bd7 $17 {[%emt 0:01:43]} 36. Ra2 {[%emt 0:01:27]} g5 {[%emt 0:05:15]} 37. Ke3 {[%emt 0:00:58]} e5 {[%emt 0:04:04]} 38. b4 {[%emt 0:00:09]} Rxa4 {[%emt 0:00:10]} 39. Rxa4 {[%emt 0:00:06]} Bxa4 {[%emt 0:00:09]} 0-1

[Event "URU-ch Semi Final 2020"]
[Site "Montevideo"]
[Date "2020.02.23"]
[Round "5.17"]
[White "De los Reyes, Mauro"]
[Black "Torales, Agustin"]
[Result "1/2-1/2"]
[WhiteElo "1815"]
[BlackElo "1623"]
[Annotator "NA RC"]
[PlyCount "63"]
[EventDate "2020.02.22"]
[EventType "swiss"]
[EventCountry "URU"]
[SourceTitle "playchess.com"]
[Source "ChessBase"]
[SourceQuality "1"]
[TimeControl "5400+30"]

{[%evp 8,63,34,0,-4,-3,7,0,-13,-33,-2,-10,-2,-1,0,-1,-5,-6,-5,-5,32767,32767,32767,-12,-5,-8,0,0,0,0,-4,-18,-5,-23,32767,-29,32767,32767,32767,32767,-46,-62,-54,32767,32767,32767,32767,32767,32767,-81,-16,-12,-19,-44,-23,-34,-48,-50]} 1. e4 {[%emt 0:00:00]} c5 {[%emt 0:00:00]} 2. c3 {[%emt 0:00:00]} d5 {[%emt 0:00:03]} 3. exd5 {[%emt 0:00:00]} Qxd5 {[%emt 0:00:14]} 4. d4 {[%emt 0:00:03]} cxd4 {[%emt 0:01:08]} 5. Qxd4 {[%emt 0:03:20]} Qxd4 {[%emt 0:00:18]} 6. cxd4 {[%emt 0:00:06] B22: Sicilian: 2 c3.} Nf6 {[%emt 0:04:19]} 7. Nc3 {[%emt 0:00:35]} e6 {[%emt 0:00:07]} 8. Nb5 {[%emt 0:01:25]} Na6 {[%emt 0:01:26] [#]} 9. a3 $146 {[%emt 0:01:23]} ({Predecessor:} 9. Bd2 Be7 10. a3 O-O 11. Bd3 Bd7 12. Rc1 Bc6 13. f3 Rfd8 14. Ba5 Rd5 15. Nc7 Nxc7 16. Bxc7 Rxd4 {0-1 (71) Banas,K (2115)-Lanc,A (2366) Slovakia 2002}) 9... Be7 {[%emt 0:04:25]} 10. Nf3 {[%emt 0:07:57]} O-O {[%emt 0:01:31]} 11. Be2 {[%emt 0:00:28]} Bd7 {[%emt 0:02:59]} 12. O-O {[%emt 0:00:34]} Bxb5 {[%emt 0:00:57]} 13. Bxb5 {[%emt 0:00:22]} Nc7 {[%emt 0:00:04]} 14. Ba4 {[%emt 0:01:50]} Rfd8 {[%emt 0:04:13]} 15. Be3 {[%emt 0:02:29]} Ncd5 {[%emt 0:03:19]} 16. Rac1 {[%emt 0:00:50]} Nb6 {[%emt 0:08:10]} 17. Bb3 {[%emt 0:01:20]} Nfd5 {[%emt 0:00:11]} 18. Rc2 {[%emt 0:01:19]} Bf6 {[%emt 0:02:03]} 19. h3 {[%emt 0:04:23]} h6 {[%emt 0:03:46]} 20. Rfc1 {[%emt 0:01:02]} a5 {[%emt 0:09:42]} 21. Bxd5 {[%emt 0:03:21]} Nxd5 {[%emt 0:00:23]} 22. b3 {[%emt 0:00:19]} Be7 {[%emt 0:05:48]} 23. a4 {[%emt 0:07:05]} f6 {[%emt 0:06:20]} 24. Bd2 {[%emt 0:05:09]} Kf7 {[%emt 0:01:52]} 25. Rc4 {[%emt 0:01:07]} b5 {[%emt 0:00:51]} 26. axb5 {[%emt 0:01:07]} Rdb8 {[%emt 0:00:06]} 27. Ra1 {[%emt 0:04:35]} Rxb5 {[%emt 0:00:59]} 28. Rca4 {[%emt 0:01:07]} Bb4 {[%emt 0:03:04]} 29. Bxb4 {[%emt 0:01:25]} Nxb4 {[%emt 0:00:02]} 30. Rc1 {[%emt 0:01:15]} Nd5 {[%emt 0:02:07]} 31. Ra3 {[%emt 0:03:55]} Ra7 {[%emt 0:03:45]} 32. g3 $15 1/2-1/2

[Event "URU-ch Semi Final 2020"]
[Site "Montevideo"]
[Date "2020.02.23"]
[Round "5.18"]
[White "Garcia, Matias"]
[Black "Miraballes Lopez, Andres"]
[Result "1-0"]
[WhiteElo "1810"]
[BlackElo "1676"]
[Annotator "NA RC"]
[PlyCount "61"]
[EventDate "2020.02.22"]
[EventType "swiss"]
[EventCountry "URU"]
[SourceTitle "playchess.com"]
[Source "ChessBase"]
[SourceQuality "1"]
[TimeControl "5400+30"]

{[%evp 8,61,1,-7,0,-13,-4,-2,-1,-18,32767,17,50,12,24,32767,0,15,45,0,127,-8,32767,32767,32767,32767,32767,32767,32767,32767,32767,188,238,32767,234,255,268,200,234,249,281,304,335,371,331,32767,32767,955,954,1035,29989,29984,32767,29992,29992,29993]} 1. e4 {[%emt 0:00:00]} c5 {[%emt 0:10:09]} 2. Nc3 {[%emt 0:00:00]} Nc6 {[%emt 0:00:54]} 3. f4 {[%emt 0:00:14]} g6 {[%emt 0:00:06]} 4. Nf3 {[%emt 0:00:05]} Bg7 {[%emt 0:00:05]} 5. Bb5 {[%emt 0:00:43]} Nd4 {[%emt 0:00:17]} 6. O-O {[%emt 0:00:03]} Nxb5 {[%emt 0:00:11]} 7. Nxb5 {[%emt 0:00:07]} a6 {[%emt 0:01:19]} 8. Nc3 {[%emt 0:00:12]} Nh6 {[%emt 0:00:44] 8...b5 gains popularity. B23: Closed Sicilian: Lines without g3.} 9. d3 {[%emt 0:01:32]} O-O {[%emt 0:00:56]} 10. Qe1 {[%emt 0:01:09]} e6 {[%emt 0:02:18] [#]} 11. h3 $146 {[%emt 0:04:33]} ({Predecessor:} 11. Be3 b6 12. h3 d5 13. Bf2 Bb7 14. e5 Rc8 15. d4 Qd7 16. Rd1 a5 17. dxc5 bxc5 {1-0 (25) Charlton,G-Zybura,A Toronto 2000}) 11... b5 {[%emt 0:01:44]} 12. e5 {[%emt 0:08:21]} Bb7 {[%emt 0:17:01]} 13. Ne4 {[%emt 0:08:51]} Qe7 {[%emt 0:09:06]} (13... Nf5 $11 {remains equal.}) 14. Nd6 {[%emt 0:06:28]} (14. g4 $16) 14... Bxf3 {[%emt 0:04:31]} 15. Rxf3 {[%emt 0:01:18]} Nf5 {[%emt 0:00:14]} 16. Be3 {[%emt 0:03:17]} Qd8 {[%emt 0:14:43]} 17. Nxf5 {[%emt 0:04:19]} gxf5 {[%emt 0:16:28]} 18. Bxc5 {[%emt 0:00:51]} Re8 {[%emt 0:00:04]} 19. a4 {[%emt 0:08:26]} Qc7 {[%emt 0:01:56]} 20. Qf2 {[%emt 0:05:07]} Rac8 {[%emt 0:01:45]} 21. d4 {[%emt 0:01:48]} f6 {[%emt 0:00:22]} (21... b4 $142 22. Qh4 Kh8) 22. Rc3 {[%emt 0:03:20]} Qb7 {[%emt 0:03:53]} 23. axb5 {[%emt 0:02:38]} Qxb5 {[%emt 0:00:37]} 24. Rb3 {[%emt 0:00:47]} Qc4 {[%emt 0:00:29]} 25. Rb4 {[%emt 0:01:49]} Qd5 {[%emt 0:00:32]} 26. Rxa6 {[%emt 0:02:05]} fxe5 {[%emt 0:02:41]} 27. Rd6 {[%emt 0:02:00]} Qa8 {[%emt 0:03:07]} 28. Rxd7 {[%emt 0:03:19]} Bh6 {[%emt 0:09:07]} 29. Qh4 {[%emt 0:03:13]} Qa1+ {[%emt 0:01:24] [#]} 30. Kh2 $1 {[%emt 0:01:10]} Bxf4+ {[%emt 0:02:42]} 31. g3 {[%emt 0:00:48]} 1-0

[Event "URU-ch Semi Final 2020"]
[Site "Montevideo"]
[Date "2020.02.23"]
[Round "5.19"]
[White "Campora, Edgardo"]
[Black "Lanaro, Emilio"]
[Result "1-0"]
[WhiteElo "1676"]
[BlackElo "1670"]
[Annotator "NA RC"]
[PlyCount "99"]
[EventDate "2020.02.22"]
[EventType "swiss"]
[EventCountry "URU"]
[SourceTitle "playchess.com"]
[Source "ChessBase"]
[SourceQuality "1"]
[TimeControl "5400+30"]

1. e4 {[%emt 0:00:00]} c5 {[%emt 0:01:13]} 2. Nf3 {[%emt 0:00:00]} d6 {[%emt 0:00:05]} 3. c3 {[%emt 0:00:00]} Nf6 {[%emt 0:00:24]} 4. h3 {[%emt 0:00:00]} Nc6 {[%emt 0:00:28]} 5. Bd3 {[%emt 0:00:00]} d5 {[%emt 0:00:15]} 6. exd5 {[%emt 0:01:00]} Qxd5 {[%emt 0:00:10]} 7. Bc2 {[%emt 0:00:26]} Bf5 {[%emt 0:01:11]} 8. Bxf5 {[%emt 0:03:26]} Qxf5 {[%emt 0:00:15]} 9. O-O {[%emt 0:09:09]} e6 {[%emt 0:08:19]} 10. Na3 {[%emt 0:02:26]} Be7 {[%emt 0:01:34]} 11. d4 {[%emt 0:01:05]} O-O {[%emt 0:03:51]} 12. dxc5 {[%emt 0:16:24]} Bxc5 {[%emt 0:03:11]} 13. Nc4 {[%emt 0:07:55]} Rfd8 {[%emt 0:11:53]} 14. Qb3 {[%emt 0:09:49]} Qd5 {[%emt 0:39:03]} 15. Bg5 {[%emt 0:02:05]} b5 {[%emt 0:03:05]} 16. Ncd2 {[%emt 0:02:26]} Qxb3 {[%emt 0:04:58]} 17. Nxb3 {[%emt 0:01:12]} Be7 {[%emt 0:00:03]} 18. Nbd4 {[%emt 0:04:42]} Nxd4 {[%emt 0:04:01]} 19. Nxd4 {[%emt 0:00:05]} Rd5 {[%emt 0:02:05]} 20. Bh4 {[%emt 0:15:59]} Bc5 {[%emt 0:06:17]} 21. Nxb5 {[%emt 0:02:56]} Bxf2+ {[%emt 0:00:09]} 22. Rxf2 {[%emt 0:00:07]} Rxb5 {[%emt 0:00:04]} 23. Bxf6 {[%emt 0:00:07]} gxf6 {[%emt 0:00:06]} 24. c4 {[%emt 0:01:00]} Rbb8 {[%emt 0:02:55]} 25. b3 {[%emt 0:02:44]} f5 {[%emt 0:01:04]} 26. Rd1 {[%emt 0:01:41]} a5 {[%emt 0:01:50]} 27. c5 {[%emt 0:02:58]} Rc8 {[%emt 0:00:50]} 28. Rc2 {[%emt 0:00:08]} Rab8 {[%emt 0:01:03]} 29. c6 {[%emt 0:01:46]} Kf8 {[%emt 0:01:17]} 30. Rd7 {[%emt 0:05:06]} Ke8 {[%emt 0:00:57]} 31. Rb7 {[%emt 0:00:10]} Kf8 {[%emt 0:01:57]} 32. a3 {[%emt 0:00:33]} Kg7 {[%emt 0:00:14]} 33. Rxb8 {[%emt 0:02:04]} Rxb8 {[%emt 0:00:04]} 34. c7 {[%emt 0:00:06]} Rc8 {[%emt 0:00:09]} 35. b4 {[%emt 0:00:04]} axb4 {[%emt 0:00:51]} 36. axb4 {[%emt 0:00:03]} Kf6 {[%emt 0:00:45]} 37. b5 {[%emt 0:00:06]} Ke7 {[%emt 0:00:03]} 38. b6 {[%emt 0:00:06]} Kd7 {[%emt 0:00:10]} 39. Rd2+ {[%emt 0:00:07]} Kc6 {[%emt 0:00:52]} 40. Rb2 {[%emt 0:03:14]} Kb7 {[%emt 0:00:11]} 41. Kf2 {[%emt 0:00:05]} Re8 {[%emt 0:00:52]} 42. Rd2 {[%emt 0:01:14]} Ra8 {[%emt 0:00:59]} 43. Rb2 {[%emt 0:03:47]} e5 {[%emt 0:00:47]} 44. Ke2 {[%emt 0:01:32]} f6 {[%emt 0:00:17]} 45. Kd3 {[%emt 0:00:05]} Re8 {[%emt 0:01:07]} 46. Kc4 {[%emt 0:00:48]} e4 {[%emt 0:00:33]} 47. Kc5 {[%emt 0:00:10]} e3 {[%emt 0:00:25]} 48. Ra2 {[%emt 0:00:22]} Re5+ {[%emt 0:00:23]} 49. Kd6 {[%emt 0:00:14]} e2 {[%emt 0:00:22]} 50. Ra8 {[%emt 0:01:33]} 1-0